Консолидация композитного материала на основе СВМПЭ-WB5 методом электроимпульсного плазменного спекания; Перспективные материалы конструкционного и функционального назначения

Dettagli Bibliografici
Parent link:Перспективные материалы конструкционного и функционального назначения.— 2023.— С. 267-269
Autore principale: Янь Хуэйюэ
Altri autori: Пайгин В. Д. Владимир Денисович
Riassunto:Текстовый файл
Lingua:russo
Pubblicazione: 2023
Serie:Функциональные материалы
Soggetti:
Accesso online:http://earchive.tpu.ru/handle/11683/77210
Natura: Elettronico Capitolo di libro
KOHA link:https://koha.lib.tpu.ru/cgi-bin/koha/opac-detail.pl?biblionumber=670129

MARC

LEADER 00000naa2a2200000 4500
001 670129
005 20251118111509.0
090 |a 670129 
100 |a 20240111d2023 k||y0rusy50 ca 
101 0 |a rus 
102 |a RU 
135 |a drbn ---uucaa 
200 1 |a Консолидация композитного материала на основе СВМПЭ-WB5 методом электроимпульсного плазменного спекания  |f Янь Хуэйюэ, В. Д. Пайгин  |g Национальный исследовательский Томский политехнический университет, ИШНПТ 
225 |a Функциональные материалы 
283 |2 RDAcarrier 
320 |a Список использованных источников: с. 269 
336 |a Текстовый файл 
463 1 |0 670083  |9 670083  |a Буякова, С. П. (специалист в области материаловедения ; 1968-)  |c Томск  |d 2023  |n Изд-во ТПУ  |o сборник научных трудов Международной научно-технической молодежной конференции, Томск, 11–15 декабря 2023 г.  |t Перспективные материалы конструкционного и функционального назначения  |u conference_tpu-2023-C125.pdf  |v С. 267-269 
610 1 |a электронный ресурс 
610 1 |a труды учёных ТПУ 
610 1 |a композитные материалы 
610 1 |a спекание 
610 1 |a сверхвысокомолекулярный полиэтилен (СВМПЭ) 
700 0 |a Янь Хуэйюэ 
701 1 |a Пайгин  |b В. Д.  |c специалист в области материаловедения  |c инженер Томского политехнического университета  |f 1992-  |g Владимир Денисович  |9 20805 
801 0 |a RU  |b 63413507  |c 20240111 
850 |a 63413507 
856 |u http://earchive.tpu.ru/handle/11683/77210  |z http://earchive.tpu.ru/handle/11683/77210 
942 |c CF